| 000 | 00523nam a2200169 a 4500 | ||
|---|---|---|---|
| 001 | 5371 | ||
| 003 | CDMR | ||
| 005 | 20130228165320.0 | ||
| 008 | 130130s1997||||||||||||||||||1|||||||||d | ||
| 020 | _a844532053X | ||
| 040 |
_aCDMR _bcat _cCDMR |
||
| 111 | 2 |
_aOutono Fotográfico _cOurense _d1997 _n13è _93020 |
|
| 245 | 1 | 0 |
_aOutono Fotográfico 1997 _b: XIII Concurso Galego de Fotografía Xuventude 97 |
| 260 |
_aOurense _c1997 _bXunta de Galicia |
||
| 500 | _aCatàleg de les exposicións de l'edició de 1997 | ||
| 942 |
_cMON _2ddc |
||
| 999 |
_c5371 _d5371 |
||